000 00463nam a2200145 4500
005 20260323124824.0
008 260323b |||||||| |||| 00| 0 eng d
020 _a978-1-133-95407-1
100 _aSerway A. Raymond & Jewett W. John
245 _aPhysics for Scientists and Engineers
_c/Raymond A. Serway
250 _a9th ed
260 _aUnited States of America;
_bBrooks/Cole Cengage Learning;
_c2014
300 _axxxii, 1232p.ill;
_c27.5cm
942 _2lcc
_n0
_cBK
999 _c192
_d192